Statistics for Country in The Middle #1

Click here to take the quiz!

General Stats

  • This quiz has been taken 259 times
    (235 since last reset)
  • The average score is 18 of 30

Answer Stats

ClueCountry% Correct
Reykjavik's countryIceland
96%
Greenland's kingdomDenmark
94%
India's teardropSri Lanka
92%
Most populous 'Stan' countryPakistan
90%
Biggest 'Stan' countryKazakhstan
88%
Has the most islandsIndonesia
87%
Country w/ largest capitalJapan
84%
Svalbard's countryNorway
83%
World's newest countrySouth Sudan
82%
Small Hispaniola countryHaiti
79%
Ulan Bator? Ulaanbaatar?Mongolia
77%
Asian communist nationVietnam
74%
European country with 'x'Luxembourg
72%
INDIA
62%
Shares Victoria FallsZambia
60%
Country/Capital initial: DRDominica
57%
OMAN
52%
Largest city: SchaanLiechtenstein
49%
JORDAN
48%
Borders CeutaMorocco
48%
DJIBOUTI
46%
SPAIN
44%
YEMEN
41%
LITHUANIA
34%
GUYANA
27%
MONTENEGRO
27%
Once part of GabuGuinea-Bissau
25%
Austrian-annexed (1908)Bosnia-Herzegovina
24%
Districts: Haa, ParoBhutan
20%
BOLIVIA
15%

Score Distribution

Percentile by Number Answered

Percent of People with Each Score

Your Score History

You have not taken this quiz since the last reset